Lauretta cuenta su vida / (Record no. 133122)

MARC details
000 -LEADER
campo de control de longitud fija 00491nam a2200169 4500
001 - NÚMERO DE CONTROL
campo de control 133122
003 - IDENTIFICADOR DE NÚMERO DE CONTROL
campo de control ES-MaACL
005 - FECHA Y HORA DE LA ÚLTIMA TRANSACCIÓN
campo de control 20230906194329.0
007 - CAMPO FIJO DE DESCRIPCIÓN FÍSICA--INFORMACIÓN GENERAL
campo de control de longitud fija t|
008 - DATOS DE LONGITUD FIJA--INFORMACIÓN GENERAL
campo de control de longitud fija 070214s1960 sp r ||||1| spa d
100 1# - ENTRADA PRINCIPAL--NOMBRE DE PERSONA
Nombre de persona Rubino, Lauretta.
9 (RLIN) 100328
245 10 - MENCIÓN DEL TÍTULO
Título Lauretta cuenta su vida /
Mención de responsabilidad, etc. Lauretta Rubino ; [traducción Carmen Peraita].
260 ## - PUBLICACIÓN, DISTRIBUCIÓN, ETC.
Lugar de publicación, distribución, etc. Madrid :
Nombre del editor, distribuidor, etc. Romanica,
Fecha de publicación, distribución, etc. 1960.
300 ## - DESCRIPCIÓN FÍSICA
Extensión 121 p. ;
Dimensiones 18 cm.
700 1# - ENTRADA AGREGADA--NOMBRE PERSONAL
Nombre de persona Peraita, Carmen.
9 (RLIN) 90348
852 ## - LOCALIZACIÓN
Ubicación ES-MaACL
Número de control de estantería C-17768
Sublocalización o colección R.46062
Holdings
Estatus retirado Estado de pérdida Estado de daño No para préstamo Biblioteca de origen Biblioteca actual Ubicación en estantería Fecha de adquisición Fuente de adquisición Total de préstamos Signatura topográfica completa Código de barras Visto por última vez Precio de reemplazo Tipo de ítem Koha
        Biblioteca del Ateneo de Madrid Biblioteca del Ateneo de Madrid Galería 17/01/2008     C-17768 1138587 23/02/2023 23/02/2023 Libro impreso